000 00357nam a2200145 a 4500
005 20140414093834.0
008 030611s19uu xx 00 eng d
050 _aVCD 971.93
_bFin 2000
100 _aConney, Sean
245 _aFinding forester /
_cSean Connery.
440 _aDICS 1 & 2
650 _aMotion picture.
942 _cAVM
999 _c108908
_d108908